000 00783nam a2200253 a 4500
001 000022875
005 20200930021842.0
008 101120s1944 ag 001 p spa d
040 _aDO-SdBNP
_bspa
_cBNPHU
082 _aN861.3
_bD218a, 1944
100 1 _aDarío, Rubén,
_d1867-1916
_915535
245 1 0 _aAzul... : /
_cRubén Darío ; prólogo de Juan Valera.
250 _a5a ed.
260 _aBuenos Aires, Argentina :
_bEspasa-Calpe,
_c1944.
300 _a173, [6] p. ;
_c18 cm.
490 1 _aAustral
_v19
500 _aIncluye índice de autores.
650 4 _aPoesía nicaragüense
_98179
650 4 _aProsa nicaragüense
_914173
650 4 _aLiteratura nicaragüense
_98122
700 1 _aValera, Juan,
_epról.
_947010
830 0 _aAustral ;
_v19
_93065
910 _aWM
999 _c22372
_d22372